000 01232nam a22003497a 4500
001 000106909
003 CHAP
005 20220329143906.0
008 120615s2011 mx ab r 00010 spa d
010 _a103371
011 _a104343
020 _a9786071202383
035 _a115033
040 _cCHAP
082 1 4 _a630.274
_bI62
245 0 0 _aInvestigaciones en agronomía biología, química y sus aplicaciones /
_ccoordinado por Daniel Sepúlveda Jiménez.
260 _aChapingo, Méx. :
_bUACH. Departamento de Preparatoria Agrícola,
_c2011.
300 _a362 p. :
_bilus., cuadros, gráfs., mapas.
590 _aBATCH-UPD
_b10
_c20130110
_lUCH01
_h2015
590 _aBATCH-UPD
_b10
_c20130410
_lUCH01
_h1333
590 _aBATCH-UPD
_b10
_c20130914
_lUCH01
_h0936
590 _aBATCH-UPD
_b10
_c20140805
_lUCH01
_h1149
590 _aCONVERSION
_b10
_c20130109
_lUCH01
_h1357
590 _aE5995AHE
_b05
_c20150323
_lUCH01
_h1101
650 1 4 _aAgricultura
_xInvestigación.
_91577
650 1 4 _aCiencia
_xInvestigación.
_923126
700 1 _aSepúlveda Jiménez, Daniel
_e, coord.
_9104482
901 _aBK
942 _cLIBRO
942 _n0
949 _a630.274 I62
_bBC
_cUACH
_d33724002328751
_eUACH
_gDonaciØn
_h116873
_i115033
_sb
999 _c103371
_d103371